[Event "CAN-ch U20 U1800"]
[Site "Toronto CAN"]
[Date "2018.08.10"]
[Round "5.14"]
[White "Wang, Andrew"]
[Black "Xie, Austin"]
[Result "0-1"]
[WhiteElo "1452"]
[BlackElo "1590"]
[PlyCount "102"]
[EventDate "2018.08.08"]
[EventType "swiss"]
[EventRounds "9"]
[EventCountry "CAN"]

1. e4 e5 2. Nf3 Nc6 3. Bc4 Nf6 4. d3 Bc5 5. O-O d6 6. h3 h6 7. Nc3 g5 8. Nh2
Rg8 9. Ng4 Nxg4 10. hxg4 Be6 11. Bd5 Qd7 12. Bxe6 fxe6 13. Na4 Bb6 14. Nxb6
axb6 15. c3 O-O-O 16. Bd2 Ne7 17. a4 Ng6 18. g3 d5 19. exd5 exd5 20. a5 bxa5
21. Rxa5 c6 22. Be3 d4 23. cxd4 exd4 24. Bd2 b6 25. Ra6 Kb7 26. Ra3 Ne5 27. f3
h5 28. Re1 Qd5 29. Re4 hxg4 30. fxg4 Rdf8 31. Kg2 Nxd3 32. Rxd3 Qxe4+ 33. Rf3
Rxf3 34. Qxf3 Qxf3+ 35. Kxf3 c5 36. Ke4 Kc6 37. Kf5 b5 38. Bxg5 Rxg5+ 39. Kxg5
d3 40. Kf6 d2 41. g5 d1=Q 42. g6 Qd8+ 43. Kf7 Kd6 44. g7 Qe7+ 45. Kg6 Qe8+ 46.
Kh7 Qh5+ 47. Kg8 Ke6 48. g4 Qxg4 49. Kf8 Qf5+ 50. Kg8 Qg6 51. b3 Kf6 0-1

[Event "CAN-ch U20 U1800"]
[Site "Toronto CAN"]
[Date "2018.08.10"]
[Round "5.15"]
[White "Yang, Brett"]
[Black "Wang, Eric"]
[Result "1-0"]
[WhiteElo "1316"]
[BlackElo "1677"]
[PlyCount "57"]
[EventDate "2018.08.08"]
[EventType "swiss"]
[EventRounds "9"]
[EventCountry "CAN"]

1. c4 e5 2. Nc3 Nf6 3. g3 Nc6 4. Bg2 Bc5 5. Nf3 d6 6. O-O O-O 7. Na4 Bb6 8. d3
h6 9. Nxb6 axb6 10. a3 Be6 11. b4 Qd7 12. Bb2 Bh3 13. Nd2 Bxg2 14. Kxg2 Nh7 15.
f4 exf4 16. Rxf4 g5 17. Rf2 Ne5 18. Qb3 Ng4 19. Rf3 Qe6 20. e4 f5 21. Raf1 f4
22. gxf4 gxf4 23. Kh1 Ng5 24. Rxf4 Nxh2 25. Qc3 Qe5 26. Qxe5 dxe5 27. Rxf8+
Rxf8 28. Rxf8+ Kxf8 29. Kxh2 1-0

[Event "CAN-ch U20 U1800"]
[Site "Toronto CAN"]
[Date "2018.08.10"]
[Round "5.16"]
[White "Gao, William"]
[Black "Zhou, Joey"]
[Result "1/2-1/2"]
[WhiteElo "1529"]
[BlackElo "1692"]
[PlyCount "43"]
[EventDate "2018.08.08"]
[EventType "swiss"]
[EventRounds "9"]
[EventCountry "CAN"]

1. e4 e5 2. Nf3 Nc6 3. Bc4 Bc5 4. O-O Nf6 5. d4 Bxd4 6. Nxd4 Nxd4 7. Bg5 O-O 8.
f4 d6 9. fxe5 dxe5 10. Bxf6 gxf6 11. Nc3 f5 12. Qh5 Be6 13. Bd3 f6 14. exf5 Bd5
15. Nxd5 Qxd5 16. Rad1 Qf7 17. Qxf7+ Kxf7 18. Bc4+ Ke7 19. c3 Nc6 20. Rf3 Rad8
21. Rfd3 Na5 22. Be6 1/2-1/2

[Event "CAN-ch U20 U1800"]
[Site "Toronto CAN"]
[Date "2018.08.10"]
[Round "5.17"]
[White "Zhu, Matthew"]
[Black "Locham, Divjot"]
[Result "1-0"]
[WhiteElo "1664"]
[BlackElo "1373"]
[PlyCount "127"]
[EventDate "2018.08.08"]
[EventType "swiss"]
[EventRounds "9"]
[EventCountry "CAN"]

1. e4 e5 2. Nf3 Nc6 3. d4 exd4 4. Nxd4 Nf6 5. Nxc6 bxc6 6. e5 Qe7 7. Qe2 Nd5 8.
c4 Ba6 9. Nd2 Nb6 10. b3 g6 11. Bb2 Bg7 12. Qe4 O-O 13. Bd3 d5 14. Qe3 Rfe8 15.
O-O Rab8 16. f4 dxc4 17. bxc4 Na4 18. Bc1 Bf8 19. Nb3 Nc5 20. Ba3 Qd7 21. Bxc5
Bxc5 22. Nxc5 Qc8 23. Rab1 Rb6 24. a4 Bb7 25. a5 Rxb1 26. Rxb1 Ba6 27. Qf3 Rd8
28. Qxc6 Rd4 29. Nxa6 Kg7 30. Qf6+ Kh6 31. Rd1 Qb7 32. Be2 Qe4 33. Qh4+ Kg7 34.
Rxd4 Qxd4+ 35. Qf2 Qa1+ 36. Bf1 Qxa5 37. Qxa7 Qa1 38. e6 fxe6 39. Qxc7+ Kh6 40.
Qb6 Qf6 41. Qe3 Qf5 42. Nc5 Kh5 43. Nxe6 Kh6 44. Qh3+ Qxh3 45. gxh3 g5 46.
fxg5+ Kg6 47. Bd3+ Kf7 48. Bxh7 Kxe6 49. c5 Kd5 50. g6 Kxc5 51. g7 Kd4 52. g8=Q
Ke3 53. Qg4 Kd2 54. Qf3 Kc1 55. Bb1 Kb2 56. Qd3 Ka1 57. Qc3+ Kxb1 58. Qd2 Ka1
59. Kf2 Kb1 60. Ke3 Ka1 61. Kd3 Kb1 62. Kc3 Ka1 63. Kb3 Kb1 64. Qd1# 1-0

[Event "CAN-ch U20 U1800"]
[Site "Toronto CAN"]
[Date "2018.08.10"]
[Round "5.18"]
[White "Gao, Lucy"]
[Black "Chen, Richard"]
[Result "0-1"]
[WhiteElo "1509"]
[BlackElo "1271"]
[PlyCount "102"]
[EventDate "2018.08.08"]
[EventType "swiss"]
[EventRounds "9"]
[EventCountry "CAN"]

1. e4 d6 2. d4 Nf6 3. Nc3 g6 4. Bc4 Bg7 5. Nf3 O-O 6. O-O Nbd7 7. Qe2 Nb6 8.
Bb3 Bg4 9. Rd1 Nfd7 10. h3 Bxf3 11. Qxf3 Qc8 12. Bg5 e6 13. Qe3 c5 14. dxc5
dxc5 15. a3 Qc6 16. Bh6 Ne5 17. Bxg7 Kxg7 18. Ne2 Ned7 19. f3 c4 20. Ba2 Qc5
21. Qxc5 Nxc5 22. Rd4 e5 23. Rd2 Rfd8 24. Rad1 Rxd2 25. Rxd2 Rc8 26. g4 Nca4
27. c3 Rc5 28. b4 cxb3 29. Bxb3 Nxc3 30. Kf2 Nxe2 31. Kxe2 Rc3 32. Rd3 Rxd3 33.
Kxd3 Kf6 34. h4 Ke7 35. Kc3 a5 36. Kd3 h6 37. Kc3 f6 38. h5 gxh5 39. gxh5 Kd6
40. Kd3 Kc5 41. Kc3 Nc8 42. a4 Nd6 43. Bd5 b5 44. axb5 Nxb5+ 45. Kd3 Nd4 46.
Ke3 Kd6 47. f4 a4 48. Ba2 Ne6 49. fxe5+ fxe5 50. Kd2 Nf4 51. Bf7 Ke7 0-1

[Event "CAN-ch U20 U1800"]
[Site "Toronto CAN"]
[Date "2018.08.10"]
[Round "5.19"]
[White "Ran, Charles"]
[Black "Chakkoli, Anirud"]
[Result "0-1"]
[WhiteElo "1679"]
[BlackElo "1416"]
[PlyCount "64"]
[EventDate "2018.08.08"]
[EventType "swiss"]
[EventRounds "9"]
[EventCountry "CAN"]

1. e4 c5 2. Nf3 d6 3. Bb5+ Bd7 4. Bxd7+ Qxd7 5. O-O Nf6 6. e5 dxe5 7. Nxe5 Qc7
8. Qe2 e6 9. f4 Be7 10. Nc3 O-O 11. d3 Nc6 12. Nxc6 Qxc6 13. Ne4 Rad8 14. Ng3
Nd5 15. f5 Bf6 16. fxe6 Bd4+ 17. Kh1 fxe6 18. c4 Rxf1+ 19. Nxf1 Ne7 20. Be3 Nf5
21. Bg5 Rf8 22. Re1 e5 23. b3 Qg6 24. Be3 Nxe3 25. Nxe3 Qg5 26. Nd5 Rf2 27. Qe4
Qd8 28. a4 Qf8 29. h3 h5 30. Nc7 Rf1+ 31. Kh2 Bg1+ 32. Kh1 Be3+ 0-1

[Event "CAN-ch U20 U1800"]
[Site "Toronto CAN"]
[Date "2018.08.10"]
[Round "5.20"]
[White "Han, Kevin"]
[Black "Qin, Vincent"]
[Result "1/2-1/2"]
[WhiteElo "1081"]
[BlackElo "1644"]
[PlyCount "104"]
[EventDate "2018.08.08"]
[EventType "swiss"]
[EventRounds "9"]
[EventCountry "CAN"]

1. e4 e5 2. f4 d6 3. Nf3 Nc6 4. Bb5 Bd7 5. O-O Nf6 6. Nc3 Be7 7. d3 O-O 8. f5
a6 9. Ba4 b5 10. Bb3 Na5 11. Qe1 Nxb3 12. axb3 b4 13. Ne2 c5 14. c4 bxc3 15.
bxc3 Qb6 16. Qg3 Rfc8 17. Be3 Qxb3 18. Bh6 Ne8 19. Nd2 Qb6 20. f6 Bf8 21. fxg7
Bxg7 22. Nc4 Qc7 23. Ne3 Be6 24. Nf5 Bxf5 25. Rxf5 f6 26. Rf3 Kh8 27. Bd2 a5
28. c4 a4 29. Nc3 Qd7 30. Qh3 Qxh3 31. Rxh3 a3 32. Bc1 Rcb8 33. Nb5 a2 34. Rf3
Rb6 35. Rf2 Rba6 36. Rb2 Bf8 37. Nc3 Nc7 38. Rbxa2 Rxa2 39. Rxa2 Rxa2 40. Nxa2
h5 41. Kf2 Kh7 42. g3 Bh6 43. Bxh6 Kxh6 44. h4 Kg6 45. Nc3 f5 46. Kf3 Kf6 47.
exf5 Kxf5 48. Ne4 Ne8 49. Nc3 Nf6 50. Ne4 Ne8 51. Nc3 Ng7 52. Ne4 Ne8 1/2-1/2

[Event "CAN-ch U20 U1800"]
[Site "Toronto CAN"]
[Date "2018.08.10"]
[Round "5.21"]
[White "Li, Wing"]
[Black "Liu, Henry"]
[Result "0-1"]
[WhiteElo "1569"]
[BlackElo "1542"]
[PlyCount "118"]
[EventDate "2018.08.08"]
[EventType "swiss"]
[EventRounds "9"]
[EventCountry "CAN"]

1. d4 Nf6 2. c4 g6 3. Nf3 Bg7 4. g3 O-O 5. Bg2 e6 6. O-O d5 7. Qc2 Nc6 8. Bf4
Bd7 9. Rd1 Rc8 10. Bg5 Qe7 11. cxd5 exd5 12. Nc3 Be6 13. Ne5 Nxd4 14. Rxd4 Bf5
15. Nxd5 Qxe5 16. Nxf6+ Bxf6 17. Bxf6 Qxf6 18. Qc3 c6 19. Rad1 Rfd8 20. e3 Rxd4
21. Rxd4 Rd8 22. Rxd8+ Qxd8 23. Qb3 Qd7 24. Bf3 Bh3 25. Qc3 Be6 26. a3 Bd5 27.
Qd4 a6 28. e4 Be6 29. Qxd7 Bxd7 30. e5 Kf8 31. Be4 Ke7 32. f4 f6 33. exf6+ Kxf6
34. Kf2 Bf5 35. Bxf5 Kxf5 36. Kf3 h5 37. h3 b6 38. g4+ Kf6 39. Ke4 Ke6 40. f5+
gxf5+ 41. gxf5+ Kf6 42. h4 c5 43. b3 b5 44. a4 bxa4 45. bxa4 c4 46. Kd4 Kxf5
47. Kxc4 Kg4 48. Kb4 Kxh4 49. Ka5 Kg3 50. Kxa6 h4 51. Kb6 h3 52. a5 h2 53. a6
h1=Q 54. Ka7 Qh7+ 55. Kb8 Qg8+ 56. Kb7 Qf7+ 57. Kb8 Qe8+ 58. Kb7 Qb5+ 59. Ka7
Kf4 0-1

[Event "CAN-ch U20 U1800"]
[Site "Toronto CAN"]
[Date "2018.08.10"]
[Round "5.22"]
[White "Shi, Michael"]
[Black "Zhao, Jonathan"]
[Result "1/2-1/2"]
[WhiteElo "1486"]
[BlackElo "1742"]
[PlyCount "47"]
[EventDate "2018.08.08"]
[EventType "swiss"]
[EventRounds "9"]
[EventCountry "CAN"]

1. e4 d5 2. exd5 Qxd5 3. Nc3 Qa5 4. Nf3 Nf6 5. Bc4 Bg4 6. d3 Nc6 7. Bd2 Qh5 8.
Bb5 e6 9. Qe2 Bb4 10. Bxc6+ bxc6 11. O-O-O Qa5 12. h3 Bxf3 13. Qxf3 Nd5 14.
Nxd5 Bxd2+ 15. Rxd2 Qxa2 16. Nc3 Qa1+ 17. Nb1 Qa6 18. Qg4 O-O 19. Qc4 Qb6 20.
Qb3 Qa5 21. Qa3 Qg5 22. g3 Rfb8 23. Nc3 Rb7 24. Ne4 1/2-1/2

[Event "CAN-ch U20 U1800"]
[Site "Toronto CAN"]
[Date "2018.08.10"]
[Round "5.23"]
[White "Stroganov, Victor"]
[Black "Xiang, Christopher"]
[Result "0-1"]
[WhiteElo "1445"]
[BlackElo "1640"]
[PlyCount "82"]
[EventDate "2018.08.08"]
[EventType "swiss"]
[EventRounds "9"]
[EventCountry "CAN"]

1. e4 c5 2. c3 Nf6 3. e5 Nd5 4. d4 cxd4 5. cxd4 d6 6. Nf3 g6 7. Nc3 Nxc3 8.
bxc3 Bg7 9. Bf4 dxe5 10. Bxe5 O-O 11. Bxg7 Kxg7 12. h3 Bf5 13. Bd3 Bxd3 14.
Qxd3 Nc6 15. O-O Rc8 16. Rfe1 e6 17. Ne5 Nxe5 18. Rxe5 Qd6 19. Rae1 Qa3 20. Qb5
Rc7 21. Rh5 Qxc3 22. Qe5+ f6 23. Qxe6 gxh5 24. Re3 Qc6 25. Rg3+ Kh8 26. Qf5
Qc1+ 27. Kh2 Qh6 28. d5 Rg7 29. Re3 Qg5 30. Qf3 Rfg8 31. g3 h4 32. g4 f5 33.
Re5 fxg4 34. Qe4 g3+ 35. Kh1 g2+ 36. Kg1 Qc1+ 37. Qe1 Qxe1+ 38. Rxe1 Rg5 39.
Re4 Rxd5 40. Rxh4 Rd1+ 41. Kh2 g1=Q# 0-1

[Event "CAN-ch U20 U1800"]
[Site "Toronto CAN"]
[Date "2018.08.10"]
[Round "5.24"]
[White "Han, Jonathan"]
[Black "Mugunthan, Vaamanan"]
[Result "1-0"]
[WhiteElo "1629"]
[BlackElo "1455"]
[PlyCount "83"]
[EventDate "2018.08.08"]
[EventType "swiss"]
[EventRounds "9"]
[EventCountry "CAN"]

1. e4 e5 2. Nf3 Nc6 3. Bc4 Bc5 4. c3 Nf6 5. d3 d6 6. Nbd2 O-O 7. O-O h6 8. a4
a6 9. b4 Bb6 10. Bb3 Be6 11. Bc2 Qe7 12. h3 d5 13. Re1 dxe4 14. dxe4 Rfd8 15.
Qe2 Rd7 16. Nf1 Kh7 17. Be3 Bxe3 18. Nxe3 Rdd8 19. Rad1 Kg8 20. Rd2 Rxd2 21.
Nxd2 g6 22. Rd1 Nh5 23. Nd5 Bxd5 24. exd5 Nf4 25. Qf3 Nd8 26. Nc4 Kg7 27. Re1
f6 28. Qxf4 Nf7 29. Qg3 Nh8 30. Rd1 e4 31. d6 Qe6 32. Ne3 f5 33. d7 Qf6 34.
Qxc7 f4 35. d8=Q+ Nf7 36. Qxf6+ Kxf6 37. Rd7 Rf8 38. Qxf4+ Kg7 39. Bb3 Kg8 40.
Bxf7+ Rxf7 41. Qxf7+ Kh8 42. Qh7# 1-0

[Event "CAN-ch U20 U1800"]
[Site "Toronto CAN"]
[Date "2018.08.10"]
[Round "5.25"]
[White "Ramesh, Sanjay"]
[Black "Yang, Henry"]
[Result "1-0"]
[WhiteElo "1578"]
[BlackElo "1419"]
[PlyCount "81"]
[EventDate "2018.08.08"]
[EventType "swiss"]
[EventRounds "9"]
[EventCountry "CAN"]

1. d4 d5 2. c4 e6 3. Nc3 Nf6 4. cxd5 exd5 5. Bg5 Be7 6. e3 O-O 7. Bd3 c6 8. Qc2
h6 9. Bh4 Be6 10. Nge2 Nbd7 11. O-O Rc8 12. Rab1 c5 13. Qd2 Bd6 14. Kh1 a6 15.
dxc5 Nxc5 16. Bc2 Be7 17. f3 Ncd7 18. g4 Nb6 19. Qd3 g6 20. Nf4 Qe8 21. Nxe6
fxe6 22. Qxg6+ Qxg6 23. Bxg6 Nc4 24. Rf2 Nxe3 25. Re2 Bc5 26. g5 hxg5 27. Bxg5
Kg7 28. Bxe3 Bxe3 29. Rxe3 d4 30. Rxe6 dxc3 31. Bc2 cxb2 32. Rxb2 Rc7 33. Reb6
Rff7 34. Bb3 Rf8 35. Rg2+ Kh8 36. h3 Rc3 37. Rg3 Rc7 38. Rg6 Nh7 39. Kg2 Re8
40. Rb4 Nf8 41. Rg8+ 1-0

[Event "CAN-ch U20 U1800"]
[Site "Toronto CAN"]
[Date "2018.08.10"]
[Round "5.26"]
[White "Jeyakumar, Bhavatharshan"]
[Black "Balachandran, Kousihan"]
[Result "1-0"]
[WhiteElo "1532"]
[BlackElo "1479"]
[PlyCount "105"]
[EventDate "2018.08.08"]
[EventType "swiss"]
[EventRounds "9"]
[EventCountry "CAN"]

1. e4 c5 2. Nf3 Nc6 3. d4 cxd4 4. Nxd4 g6 5. Nc3 Bg7 6. Be3 Nf6 7. f3 a6 8. Qd2
d6 9. g4 Bd7 10. O-O-O b5 11. Be2 b4 12. Nd5 a5 13. Nxc6 Bxc6 14. Bb6 Qc8 15.
Nc7+ Kf8 16. Nxa8 Qxa8 17. Be3 Qb7 18. h4 a4 19. h5 Ke8 20. hxg6 fxg6 21. e5
Kf7 22. exf6 Bxf6 23. Bc4+ d5 24. Bxd5+ e6 25. Bxc6 Qxc6 26. Qd7+ Qxd7 27.
Rxd7+ Ke8 28. Rhxh7 e5 29. Rb7 Rxh7 30. Rxh7 Kf8 31. Bc5+ Kg8 32. Ra7 Bg5+ 33.
Kd1 Kh8 34. Bxb4 Be3 35. c4 Bxa7 36. Bd6 Bd4 37. b3 axb3 38. axb3 Kg7 39. Ke2
Kf6 40. Kd3 Ke6 41. Ba3 Kd7 42. f4 Kc6 43. Ke4 Bc3 44. fxe5 g5 45. Kf5 Kd7 46.
Kxg5 Ke6 47. Bd6 Bd2+ 48. Kg6 Bf4 49. g5 Bg3 50. c5 Bf2 51. c6 Bc5 52. Bxc5
Kxe5 53. c7 1-0

[Event "CAN-ch U20 U1800"]
[Site "Toronto CAN"]
[Date "2018.08.10"]
[Round "5.27"]
[White "Xiao, Edward"]
[Black "Cao, Bruce"]
[Result "1/2-1/2"]
[WhiteElo "1488"]
[BlackElo "1582"]
[PlyCount "110"]
[EventDate "2018.08.08"]
[EventType "swiss"]
[EventRounds "9"]
[EventCountry "CAN"]

1. d4 Nf6 2. c4 g6 3. Nc3 Bg7 4. e4 d6 5. Be2 O-O 6. Bg5 c5 7. d5 a6 8. Qd2 Qc7
9. h4 h5 10. f3 e6 11. g4 exd5 12. Bxf6 Bxf6 13. Nxd5 Qd8 14. Nxf6+ Qxf6 15.
gxh5 gxh5 16. Qg5+ Qg6 17. O-O-O Qxg5+ 18. hxg5 Rd8 19. e5 Nc6 20. Rxd6 Rxd6
21. exd6 Bf5 22. Rxh5 Nd4 23. Bd1 Rd8 24. f4 Rxd6 25. Ne2 Bg4 26. Rh2 Nxe2+ 27.
Bxe2 Bxe2 28. Rxe2 Rd4 29. b3 Rxf4 30. Re3 b5 31. cxb5 axb5 32. Re5 b4 33. Rxc5
Rf1+ 34. Kc2 Rf2+ 35. Kd3 Rxa2 36. Kc4 Rc2+ 37. Kxb4 Rb2 38. Ka4 Kf8 39. b4 Ke8
40. b5 Ra2+ 41. Kb4 Kd7 42. Rf5 Ke6 43. Rf6+ Ke7 44. Kc5 Rg2 45. Kc6 Rxg5 46.
Rf2 f5 47. Kc7 Ke6 48. b6 Ke5 49. b7 Rg7+ 50. Kc6 Rxb7 51. Kxb7 Ke4 52. Kc6 f4
53. Re2+ Kd3 54. Re5 f3 55. Kd5 f2 1/2-1/2

[Event "CAN-ch U20 U1800"]
[Site "Toronto CAN"]
[Date "2018.08.10"]
[Round "5.28"]
[White "Mukherjee, Pranoy"]
[Black "Lei, Yanyu"]
[Result "0-1"]
[WhiteElo "1425"]
[BlackElo "1427"]
[PlyCount "86"]
[EventDate "2018.08.08"]
[EventType "swiss"]
[EventRounds "9"]
[EventCountry "CAN"]

1. d4 Nf6 2. c4 g6 3. Nc3 d5 4. cxd5 Nxd5 5. Bd2 Bg7 6. e4 Nf6 7. Nf3 Bg4 8.
Be3 Nbd7 9. Be2 O-O 10. h3 Bxf3 11. Bxf3 Nb6 12. Qd3 c5 13. Rd1 cxd4 14. Bxd4
Rc8 15. O-O Qc7 16. Be3 Nc4 17. Qe2 Nxe3 18. Qxe3 b6 19. Rc1 Qe5 20. Rfd1 Rfd8
21. Rxd8+ Rxd8 22. Rd1 Rxd1+ 23. Nxd1 Nd7 24. b4 Qa1 25. Qd3 Ne5 26. Qd8+ Bf8
27. Qd5 Nxf3+ 28. gxf3 e6 29. Qb3 Bxb4 30. Qxb4 Qxd1+ 31. Kg2 Qd8 32. Qb5 h6
33. a4 Qg5+ 34. Qxg5 hxg5 35. Kg3 a6 36. Kg4 b5 37. axb5 axb5 38. Kxg5 b4 39.
h4 b3 40. h5 b2 41. hxg6 b1=Q 42. gxf7+ Kxf7 43. f4 Qxe4 0-1

[Event "CAN-ch U20 U1800"]
[Site "Toronto CAN"]
[Date "2018.08.10"]
[Round "5.29"]
[White "Leblanc, Miguel"]
[Black "Wu, Ingrid"]
[Result "0-1"]
[WhiteElo "1290"]
[BlackElo "1174"]
[PlyCount "176"]
[EventDate "2018.08.08"]
[EventType "swiss"]
[EventRounds "9"]
[EventCountry "CAN"]

1. e4 c5 2. Nf3 d6 3. d4 cxd4 4. Nxd4 Nf6 5. Nc3 Nc6 6. Bb5 Bd7 7. O-O e6 8. f4
Qb6 9. Be3 a6 10. Bxc6 Bxc6 11. Qd3 Qxb2 12. a3 Qb6 13. Nxe6 Qa5 14. Nxf8 Rxf8
15. Rfe1 O-O-O 16. Bd2 Qc7 17. Nd5 Bxd5 18. exd5 Qc5+ 19. Qe3 Qxe3+ 20. Rxe3
Nxd5 21. Rd3 Nf6 22. Bb4 Kc7 23. Rad1 Ne4 24. Rb1 b6 25. a4 Rfe8 26. Re1 Nc5
27. Rxe8 Rxe8 28. Bxc5 bxc5 29. f5 f6 30. Rg3 Re7 31. a5 c4 32. Rg4 d5 33. Kf2
Kc6 34. Rd4 Re5 35. g4 Kb5 36. Rd1 Kxa5 37. Rb1 Re7 38. c3 Ka4 39. Rb4+ Ka5 40.
Rb1 g6 41. fxg6 hxg6 42. h4 Re4 43. Kf3 Re6 44. h5 gxh5 45. gxh5 Re8 46. Kf4
Rh8 47. Kg4 Ka4 48. Rb4+ Ka3 49. Rb6 f5+ 50. Kg5 a5 51. h6 a4 52. Kxf5 Ka2 53.
Kg6 Rg8+ 54. Kf7 Rd8 55. h7 a3 56. Rb7 Ka1 57. Kg7 a2 58. h8=Q Rxh8 59. Kxh8 d4
60. cxd4 c3 61. d5 c2 62. d6 c1=Q 63. d7 Qh1+ 64. Kg8 Qd5+ 65. Kf8 Qf3+ 66. Kg8
Qxb7 67. d8=Q Qb3+ 68. Kf8 Kb1 69. Qa5 Qb8+ 70. Ke7 a1=Q 71. Qe1+ Ka2 72. Qa5+
Kb2 73. Qd2+ Kb3 74. Qd5+ Ka4 75. Qd7+ Qb5 76. Qa7+ Qa5 77. Qd7+ Ka3 78. Qd6+
Qb4 79. Qxb4+ Kxb4 80. Ke6 Qd4 81. Kf5 Qe3 82. Kg4 Qf2 83. Kh3 Qg1 84. Kh4 Kc4
85. Kh3 Kd4 86. Kh4 Ke4 87. Kh5 Kf5 88. Kh6 Qg6# 0-1

[Event "CAN-ch U20 U1800"]
[Site "Toronto CAN"]
[Date "2018.08.11"]
[Round "6.13"]
[White "Ahmed, Syed Ibrahim"]
[Black "Mao, Fengxi"]
[Result "0-1"]
[WhiteElo "1608"]
[BlackElo "1522"]
[PlyCount "72"]
[EventDate "2018.08.08"]
[EventType "swiss"]
[EventRounds "9"]
[EventCountry "CAN"]

1. d4 Nf6 2. Bg5 e6 3. e4 h6 4. Bxf6 Qxf6 5. Nf3 d5 6. e5 Qd8 7. Bd3 c5 8. c3
Qb6 9. Qd2 Nc6 10. O-O Bd7 11. Be2 cxd4 12. cxd4 g5 13. h3 Be7 14. Rd1 O-O-O
15. Nc3 Rdg8 16. a3 g4 17. hxg4 Rxg4 18. Rac1 Rhg8 19. Bf1 h5 20. b4 Kb8 21. b5
Na5 22. Na4 Qd8 23. Qc3 Nc4 24. Bxc4 Rxg2+ 25. Kh1 dxc4 26. Qxc4 Bxa3 27. Ra1
R2g4 28. Nh2 Rh4 29. Qd3 Bxb5 30. Qxa3 Bc6+ 31. d5 Bxd5+ 32. Rxd5 Qxd5+ 33. f3
Rxh2+ 34. Kxh2 Qd2+ 35. Kh3 Qg2+ 36. Kh4 Qh2# 0-1

[Event "CAN-ch U20 U1800"]
[Site "Toronto CAN"]
[Date "2018.08.11"]
[Round "6.14"]
[White "Xie, Austin"]
[Black "Yuen, Noah"]
[Result "1/2-1/2"]
[WhiteElo "1590"]
[BlackElo "1675"]
[PlyCount "64"]
[EventDate "2018.08.08"]
[EventType "swiss"]
[EventRounds "9"]
[EventCountry "CAN"]

1. e4 c5 2. Nc3 d6 3. f4 Nc6 4. Bb5 Bd7 5. Bxc6 Bxc6 6. Nf3 Nf6 7. d3 e6 8. O-O
Be7 9. b3 a6 10. a4 O-O 11. Bb2 Qc7 12. Ne2 b5 13. axb5 axb5 14. Qd2 Rxa1 15.
Rxa1 Ra8 16. Qc1 Qb7 17. h3 Rxa1 18. Qxa1 Qa8 19. Qxa8+ Bxa8 20. g4 Nd7 21. Ng3
d5 22. e5 d4 23. Kf2 Nb6 24. c4 dxc3 25. Bxc3 b4 26. Be1 Bd5 27. Nd2 Bc6 28.
Nc4 Nxc4 29. dxc4 h6 30. Bd2 Kf8 31. Be3 Ke8 32. f5 Bf8 1/2-1/2

[Event "CAN-ch U20 U1800"]
[Site "Toronto CAN"]
[Date "2018.08.11"]
[Round "6.15"]
[White "Srinivas, Atharva"]
[Black "Zhu, Matthew"]
[Result "0-1"]
[WhiteElo "1558"]
[BlackElo "1664"]
[PlyCount "118"]
[EventDate "2018.08.08"]
[EventType "swiss"]
[EventRounds "9"]
[EventCountry "CAN"]

1. e4 c5 2. Nc3 Nc6 3. f4 e6 4. Bb5 Nd4 5. Nf3 Nxb5 6. Nxb5 a6 7. Nc3 Ne7 8.
O-O g6 9. d3 Bg7 10. Qe1 O-O 11. Qg3 Qb6 12. Kh1 d6 13. Qh4 Re8 14. f5 exf5 15.
Bh6 fxe4 16. Ng5 Nf5 17. Rxf5 Bxf5 18. Bxg7 h5 19. Ngxe4 Bxe4 20. Nxe4 Rxe4 21.
Qf6 Re6 22. Qc3 Qb4 23. Rf1 Qxc3 24. Bxc3 Rae8 25. Kg1 d5 26. Rc1 d4 27. Bd2 b6
28. Kf1 Rf6+ 29. Kg1 Re2 30. Bg5 Rff2 31. h4 Rxg2+ 32. Kf1 Rxc2 33. Rxc2 Rxc2
34. a3 Rxb2 35. Ke1 Rb3 36. Kd2 Rxa3 37. Kc2 Ra2+ 38. Kb3 Rh2 39. Bf6 Kf8 40.
Bd8 b5 41. Bb6 Ke8 42. Bxc5 Rxh4 43. Kb4 Rh3 44. Ka5 Rxd3 45. Kxa6 Rd1 46. Kxb5
h4 47. Kc4 h3 48. Bd6 Rd2 49. Be5 h2 50. Bxh2 Rxh2 51. Kxd4 g5 52. Kd3 g4 53.
Kd4 g3 54. Kc5 g2 55. Kd5 g1=Q 56. Kd6 Qd4+ 57. Kc6 Rh6+ 58. Kb5 Rb6+ 59. Ka5
Qb4# 0-1

[Event "CAN-ch U20 U1800"]
[Site "Toronto CAN"]
[Date "2018.08.11"]
[Round "6.16"]
[White "Chen, Richard"]
[Black "Zhou, Joey"]
[Result "0-1"]
[WhiteElo "1271"]
[BlackElo "1692"]
[PlyCount "90"]
[EventDate "2018.08.08"]
[EventType "swiss"]
[EventRounds "9"]
[EventCountry "CAN"]

1. Nf3 Nf6 2. g3 g6 3. Bg2 Bg7 4. O-O O-O 5. d4 c6 6. c4 d5 7. c5 Nbd7 8. Nc3
Re8 9. b4 Ne4 10. Bb2 Nxc3 11. Bxc3 Qc7 12. e3 b6 13. Rb1 bxc5 14. bxc5 Nxc5
15. Bb4 Ne4 16. Nd2 Ba6 17. Re1 Nxd2 18. Qxd2 e5 19. Qc3 exd4 20. exd4 Bc4 21.
a3 c5 22. Ba5 Bxd4 23. Rxe8+ Rxe8 24. Qxc4 Qxa5 25. Bxd5 Re1+ 26. Rxe1 Qxe1+
27. Qf1 Bxf2+ 28. Kg2 Qd2 29. Bxf7+ Kxf7 30. Qxf2+ Qxf2+ 31. Kxf2 Ke6 32. Ke3
Kd5 33. Kd3 c4+ 34. Kc3 Kc5 35. a4 a5 36. h3 h6 37. h4 h5 38. Kb2 Kb4 39. Kc2
c3 40. Kc1 Kxa4 41. Kc2 Kb4 42. Kc1 Kb3 43. Kb1 c2+ 44. Kc1 a4 45. Kd2 Kb2 0-1

[Event "CAN-ch U20 U1800"]
[Site "Toronto CAN"]
[Date "2018.08.11"]
[Round "6.17"]
[White "Gauthier, David"]
[Black "Gao, William"]
[Result "0-1"]
[WhiteElo "1622"]
[BlackElo "1529"]
[PlyCount "77"]
[EventDate "2018.08.08"]
[EventType "swiss"]
[EventRounds "9"]
[EventCountry "CAN"]

1. d4 Nf6 2. c4 e6 3. Nf3 b6 4. Bf4 Bb7 5. e3 Bb4+ 6. Nc3 O-O 7. Bd3 d6 8. O-O
Nbd7 9. a3 Bxc3 10. bxc3 Ne4 11. Qc2 f5 12. h4 Ndf6 13. Ng5 Qe8 14. f3 Nxg5 15.
Bxg5 Qh5 16. Bxf6 Rxf6 17. Qf2 Rh6 18. g3 g5 19. d5 gxh4 20. gxh4 Kh8 21. Rfd1
Rg8+ 22. Kf1 Qxh4 23. Qxh4 Rxh4 24. dxe6 Rh1+ 25. Kf2 Rh2+ 26. Ke1 Rg1+ 27. Bf1
Bxf3 28. Rd2 Rxf1+ 29. Kxf1 Rxd2 30. Ke1 Re2+ 31. Kf1 Rxe3 32. Kf2 Rxc3 33. e7
Bc6 34. Re1 Be8 35. Rg1 Rxc4 36. Ke3 Re4+ 37. Kf3 Rxe7 38. Kf4 Bg6 39. Kg5 0-1

[Event "CAN-ch U20 U1800"]
[Site "Toronto CAN"]
[Date "2018.08.11"]
[Round "6.18"]
[White "Hua, Michelle"]
[Black "Wang, Andrew"]
[Result "1-0"]
[WhiteElo "1569"]
[BlackElo "1452"]
[PlyCount "69"]
[EventDate "2018.08.08"]
[EventType "swiss"]
[EventRounds "9"]
[EventCountry "CAN"]

1. c4 Nf6 2. g3 g6 3. Bg2 Bg7 4. Nc3 c5 5. Nf3 Nc6 6. O-O O-O 7. d3 d6 8. Bd2
e6 9. Qc1 d5 10. Bg5 Ne7 11. cxd5 exd5 12. d4 c4 13. b3 Be6 14. Qb2 Qd7 15.
Rac1 h6 16. Bd2 Rac8 17. bxc4 Rxc4 18. Ne5 Qc7 19. Nxc4 Qxc4 20. Nxd5 Qxe2 21.
Nxe7+ Kh7 22. Rfe1 Qh5 23. Qxb7 Bxa2 24. Qxa7 Be6 25. d5 Bh3 26. d6 Rd8 27. Qb6
Re8 28. Qc5 Qg4 29. Qc4 Qf5 30. Nxf5 Bxf5 31. Rxe8 Nxe8 32. Qxf7 Nxd6 33. Qe7
Nb5 34. Bc3 Nxc3 35. Rxc3 1-0

[Event "CAN-ch U20 U1800"]
[Site "Toronto CAN"]
[Date "2018.08.11"]
[Round "6.19"]
[White "Liu, Henry"]
[Black "Chakkoli, Anirud"]
[Result "1-0"]
[WhiteElo "1542"]
[BlackElo "1416"]
[PlyCount "81"]
[EventDate "2018.08.08"]
[EventType "swiss"]
[EventRounds "9"]
[EventCountry "CAN"]

1. c4 Nf6 2. g3 g6 3. Bg2 c6 4. Nf3 Bg7 5. O-O d5 6. d3 O-O 7. Qc2 Re8 8. Nc3
h6 9. Rb1 a5 10. a3 Na6 11. Bd2 e5 12. e4 Nc7 13. Rfe1 d4 14. Na4 Nh5 15. b4
axb4 16. axb4 Ne6 17. c5 Nf8 18. Nb6 Rb8 19. Nc4 f5 20. Nd6 Re7 21. b5 f4 22.
bxc6 fxg3 23. hxg3 Ne6 24. Rb5 Rc7 25. Ba5 Bf8 26. Bxc7 Qxc7 27. Nxc8 Qxc8 28.
cxb7 Rxb7 29. Rxb7 Qxb7 30. c6 Qc7 31. Rb1 Nc5 32. Qc4+ Kh7 33. Rb5 Qe7 34. Qd5
Nf6 35. Qxe5 Ne6 36. Nxd4 Nxd4 37. Qxd4 Bg7 38. Rb7 Qa3 39. Qxf6 Qa1+ 40. Qxa1
h5 41. Qxg7# 1-0